[Event "Moscow ACF Botvinnik Memorial"]
[Site "Moscow"]
[Date "2018.08.11"]
[Round "4.1"]
[White "Mailebayev, Sanzhar"]
[Black "Kovalev, Vladislav"]
[Result "0-1"]
[WhiteElo "1820"]
[BlackElo "2667"]
[PlyCount "96"]
[EventDate "2018.08.10"]
[EventType "team-swiss"]
[EventRounds "7"]
[EventCountry "RUS"]
[SourceTitle "CBM 186 Extra"]
[Source "ChessBase"]
[SourceDate "2018.08.24"]
[SourceVersion "1"]
[SourceVersionDate "2018.08.24"]
[SourceQuality "1"]
[WhiteTeam "Kazakhstan"]
[BlackTeam "Belarus"]
[WhiteTeamCountry "KAZ"]
[BlackTeamCountry "BLR"]

1. e4 c5 2. Nf3 Nf6 3. Nc3 d5 4. exd5 Nxd5 5. Bb5+ Bd7 6. Ne5 Nf6 7. Nxd7 Nbxd7 8. 0-0 e6 9. Re1 a6 10. Bf1 Qc7 11. b3 Bd6 12. h3 Bh2+ 13. Kh1 Be5 14. Bb2 Bd4 15. Qf3 0-0-0 16. a3 h5 17. Qg3 Qxg3 18. fxg3 Bf2 19. Red1 Bxg3 20. b4 Be5 21. Rab1 Bd4 22. g3 Rh6 23. d3 Rg6 24. Ne2 Bxb2 25. Rxb2 Nd5 26. Bg2 Ne3 27. Re1 Nxg2 28. Kxg2 Rg5 29. Ng1 Rd5 30. Nf3 Kc7 31. Rbb1 Re8 32. Re2 f6 33. Rbe1 e5 34. g4 hxg4 35. hxg4 Rh8 36. Re4 Nf8 37. Ng1 Ne6 38. Nh3 b5 39. bxc5 Rxc5 40. c4 Rd8 41. R1e3 Rd4 42. cxb5 axb5 43. Rxd4 Nxd4 44. Re1 Rc3 45. g5 Rxa3 46. g6 Rxd3 47. Ra1 Nf5 48. Rf1 Ne3+ 0-1